000
002310000a22000970004500
100
1
_a
Maines, Ron
245
1
0
_a
When disaster strikes : How do we help?
300
_a
Núm 13 (1986), Páginas 32-35
773
0
_t
Together
942
_c
ANA
999
_c
56536
_d
56536